[Event "GER-chT U14 Girls"]
[Site "Magdeburg"]
[Date "2012.12.29"]
[Round "5.4"]
[White "Boehle, Rebecca"]
[Black "Dietrich, Michelle"]
[Result "1/2-1/2"]
[WhiteElo "1249"]
[BlackElo "1071"]
[PlyCount "147"]
[EventDate "2012.12.27"]
[EventType "team-swiss"]
[EventRounds "7"]
[EventCountry "GER"]
[SourceTitle "EXT 2014"]
[Source "ChessBase"]
[SourceDate "2013.11.20"]
[SourceVersion "1"]
[SourceVersionDate "2013.11.20"]
[SourceQuality "1"]
[WhiteTeam "Muldental Wilkau Hasslau"]
[BlackTeam "Chemnitz Aufbau"]
[WhiteTeamCountry "GER"]
[BlackTeamCountry "GER"]

1. e4 e5 2. Nf3 Nf6 3. Nc3 d6 4. d4 exd4 5. Qxd4 Nc6 6. Bb5 Bd7 7. Bxc6 Bxc6 8. 0-0 Be7 9. Bf4 0-0 10. Rad1 Nh5 11. e5 Bxf3 12. gxf3 Nxf4 13. Qxf4 dxe5 14. Qxe5 Bd6 15. Qh5 Rc8 16. Kh1 g6 17. Qh6 Qe7 18. Ne4 f6 19. Rfe1 Qg7 20. Qxg7+ Kxg7 21. Nxd6 cxd6 22. Re7+ Rf7 23. Rxf7+ Kxf7 24. Rxd6 Ke7 25. Rd2 b5 26. c3 a5 27. Rd5 Rb8 28. Rc5 Kd6 29. b4 a4 30. c4 bxc4 31. Rxc4 Kd5 32. Rh4 h5 33. a3 Ke5 34. Rc4 Rd8 35. b5 Rd1+ 36. Kg2 Rb1 37. Rc5+ Kd6 38. Rc6+ Ke5 39. Ra6 Rxb5 40. Rxa4 Kd5 41. Ra6 Ke5 42. a4 Rc5 43. f4+ Kf5 44. h3 Rd5 45. Rb6 Rd4 46. a5 Ra4 47. a6 Ra5 48. Kg3 Ra3+ 49. f3 Ra4 50. Rb5+ Ke6 51. Rb6+ Kf5 52. Rc6 Ra5 53. Kf2 Kxf4 54. Rxf6+ Kg5 55. Rd6 Kf4 56. Ke2 g5 57. Rf6+ Ke5 58. Rh6 h4 59. Kd3 Kd5 60. Kc3 Kc5 61. Rg6 Ra3+ 62. Kb2 Rxf3 63. a7 Rf8 64. Ra6 Ra8 65. Ra5+ Kc6 66. Kc3 Kb6 67. Rxg5 Rxa7 68. Rg4 Ra3+ 69. Kd2 Rxh3 70. Ke2 Rh2+ 71. Kf1 Rh3 72. Kg2 Rg3+ 73. Rxg3 hxg3 74. Kxg3 1/2-1/2